40 Największych miast w województwie świętokrzyskim pod względem ludno - Statystyki

Ogólne statystyki
  • Ten quiz został rozwiązany 17 razy
  • Średni wynik to 22 z 40
Statystyki odpowiedzi
Ludność Miasto % Poprawnych
183 885 Kielce
100%
21 586 Sandomierz
100%
14 588 Busko-Zdrój
94%
62 980 Ostrowiec Świętokrzyski
94%
41 793 Skarżysko-Kamienna
94%
44 992 Starachowice
94%
14 308 Jędrzejów
88%
17 629 Końskie
88%
5 038 Kazimierza Wielka
81%
5 965 Opatow
81%
13 758 Staszów
81%
9 617 Włoszczowa
81%
9 843 Pińczów
69%
7 588 Suchedniów
63%
1 544 Łagów
56%
1 782 Morawica
56%
4 261 Ożarów
56%
7 526 Połaniec
56%
2 118 Bodzentyn
50%
2 829 Ćmielów
50%
1 954 Osiek
50%
4 316 Chęciny
44%
3 503 Chmielnik
44%
1 312 Nowa Słupia
44%
2 507 Wąchock
44%
2 781 Daleszyce
38%
3 399 Małogoszcz
38%
6 173 Sędziszów
38%
5 165 Stąporków
38%
1 609 Zawichost
38%
1 238 Iwaniska
31%
1 760 Klimontów
31%
1 402 Łopuszno
31%
3 167 Piekoszów
31%
2 874 Radoszyce
31%
1 202 Skalbmierz
31%
2 739 Kunów
25%
2 365 Koprzywnica
19%
1 724 Oleśnica
19%
1 257 Pierzchnica
19%
Nie znaleziono quizów pasujących do podanych kryteriów
Rozkład punktacji
Procent ludzi z każdym wynikiem
Percentyl według liczby udzielonych odpowiedzi
Twoja historia wyników
Nie rozwiązałeś tego quizu